Profile of overseas performing artists for Japan from five promotion agencies / (Record no. 96447)
[ view plain ]
| 000 -LEADER | |
|---|---|
| fixed length control field | 00684nam a2200181 a 4500 |
| 003 - CONTROL NUMBER IDENTIFIER | |
| control field | 0 |
| 005 - DATE AND TIME OF LATEST TRANSACTION | |
| control field | 20250609113710.0 |
| 008 - FIXED-LENGTH DATA ELEMENTS--GENERAL INFORMATION | |
| fixed length control field | 030603s19uu xx 00 eng d |
| 050 ## - LIBRARY OF CONGRESS CALL NUMBER | |
| Classification number | PHS HD 8039.A78 |
| Item number | .G35 2001 |
| 100 ## - MAIN ENTRY--PERSONAL NAME | |
| Personal name | Galicia, Brenda Gaile Alayon. |
| 245 ## - TITLE STATEMENT | |
| Title | Profile of overseas performing artists for Japan from five promotion agencies / |
| Statement of responsibility, etc | Brenda Gaile Alayon Galicia. |
| 260 ## - PUBLICATION, DISTRIBUTION, ETC. (IMPRINT) | |
| Place of publication, distribution, etc | Las Piñas City, Philippines : |
| Name of publisher, distributor, etc | Southville International School and Colleges, |
| Date of publication, distribution, etc | 2001. |
| 300 ## - PHYSICAL DESCRIPTION | |
| Extent | 33 pages : |
| Other physical details | illustrations ; |
| Dimensions | 28 cm. |
| 650 ## - SUBJECT ADDED ENTRY--TOPICAL TERM | |
| Topical term or geographic name as entry element | Performing artists |
| General subdivision | Employment |
| Geographic subdivision | Japan. |
| 650 ## - SUBJECT ADDED ENTRY--TOPICAL TERM | |
| Topical term or geographic name as entry element | Foreign workers |
| Geographic subdivision | Japan. |
| 650 ## - SUBJECT ADDED ENTRY--TOPICAL TERM | |
| Topical term or geographic name as entry element | Employment agencies |
| Geographic subdivision | Japan. |
| 942 ## - ADDED ENTRY ELEMENTS (KOHA) | |
| Source of classification or shelving scheme | Library of Congress Classification |
| Koha item type | PASS |
| Withdrawn status | Lost status | Source of classification or shelving scheme | Damaged status | Home library | Current library | Shelving location | Date acquired | Source of acquisition | Total Checkouts | Full call number | Barcode | Date last seen | Price effective from | Koha item type |
|---|---|---|---|---|---|---|---|---|---|---|---|---|---|---|
| Library of Congress Classification | Luxembourg Library | Luxembourg Library | Portfolio Assessment of SISC Students Section | 06/03/2003 | Donation | PHS HD 8039.A78 .G35 2001 | P0409 | 04/08/2014 | 04/08/2014 | PASS |